000 00923nas a2200205 a 4500
005 20260205113240.0
007 ta
008 241025e2001 dr f||||r||||||0| 0 spa d
040 _aDO-SdBNP
_cBNPHU
_erda
041 _hspa
110 _aUniversidad Autónoma de Santo Domingo (UASD)
_984760
_bFacultad de Ciencias Jurídicas y Políticas.
_bInstituto de Criminología.
245 _aRevista criminológica universitaria /
_cInstituto de Criminología.
260 _aSanto Domingo, República Dominicana :
_bFacultad de Ciencias Jurídicas y Políticas,
_c2001.
300 _avolumen :
_bilustraciones, fotografías ;
_c27 cm.
500 _aRevista de Divulgación Científica, RCU. Primer Semestre 2001.
500 _aDonado por: Rubén Caba.
650 0 _aCriminología
_vPublicaciones periódicas
_917089
710 _aFacultad de Ciencias Jurídicas y Políticas
_986763
_bInstituto de Criminología
942 _2ddc
_cISSUE
999 _c57937
_d57937